00450 2200169 4500001002100000005001700021008004100038020002200079035002500101041000700126082001100133090001700144100002700161245003600188260003000224650002600254INLIS0000000000044760:yyyyMMddHHmmss180719||||||||| | ||| |||| || |  a978-602-8189-39-2 a0010-031300000004476 aid0 a343.07 a343.07 TIM k0 aTim Redaksi Fokusmedia00aKompilasi hukum ekonomi syariah aBandungbFokusmediac2009 0ahukum ekonomi syariah